Random South American Cities Map Quiz - Statistics

General Stats
  • This quiz has been taken 433 times
  • The average score is 7 of 10
Answers on the Map
Answers color-coded by a green-red scale on the quiz's map according to % correct below.
 
Answer Stats
Answer % Correct
Barranquilla
100%
Belo Horizonte
100%
Brasilia
100%
Buenos Aires
100%
Fortaleza
100%
Lima
100%
Montevideo
100%
Quito
100%
Santiago
100%
São Paulo
100%
Sucre
100%
Asunción
93%
Bogota
91%
Georgetown
91%
Rio de Janeiro
90%
La Paz
89%
Medellín
89%
Antofagasta
83%
Concepción
83%
Cordoba
80%
Natal
80%
Port of Spain
80%
Rosario
80%
Ushuaia
80%
Caracas
78%
Boa Vista
75%
Cartagena
75%
Oranjestad
75%
Paramaribo
75%
Maracaibo
73%
Stanley
73%
Guayaquil
71%
Rio Branco
70%
Arequipa
67%
Cali
67%
Cuiaba
67%
Manaus
67%
Mendoza
67%
Cayenne
64%
Cusco
64%
Santa Cruz de la Sierra
63%
Teresina
63%
Willemstad
63%
Valparaíso
62%
Maceió
60%
Salvador
60%
Florianópolis
57%
San Miguel de Tucumán
57%
Ciudad del Este
53%
Aracaju
50%
Curitiba
50%
Goiânia
50%
Porto Alegre
50%
São Luís
50%
Valencia
50%
Vitoria
50%
Cochabamba
44%
Recife
44%
Belém
43%
Kralendijk
43%
Maracay
40%
Barquisimeto
36%
Campinas
33%
Comodoro Rivadavia
33%
João Pessoa
33%
Macapá
33%
Palmas
33%
Santos
33%
Trujillo
25%
Bucaramanga
22%
Campo Grande
22%
Porto Velho
13%
No matching quizzes found
Score Distribution
Percent of People with Each Score
Percentile by Number Answered
Your Score History
You have not taken this quiz